000 00442nam a2200145 a 4500
001 000030003
005 20200930055955.0
008 110428s1994 dr 000 0 spa d
040 _aDO-SdBNP
_bspa
_cBNPHU
082 _axxx
_bP699
245 0 0 _aPlan de igualdad de oportunidades para las mujeres.
260 _aSanto Domingo :
_bCIPAF,
_c1994.
300 _a39 p. ;
_c28 cm.
710 2 _aCentro de Investigación para la Acción Femenina
_952431
999 _c29495
_d29495